书目信息 |
| 题名: |
现代外国哲学
|
|
| 作者: | ;中国现代外国哲学学会 主编 | |
| 分册: | 第六辑 | |
| 出版信息: | 北京 人民出版社 1985 |
|
| 页数: | 360页 | |
| 开本: | 19cm | |
| 丛书名: | ||
| 单 册: | ||
| 中图分类: | B15 | |
| 科图分类: | ||
| 主题词: | 哲学--外国--丛刊 , 哲学--世界--现代 | |
| 电子资源: | ||
| ISBN: | ||
| 000 | 00719nam0 2200253 45 | |
| 001 | 0185000412 | |
| 005 | 20040508103932.5 | |
| 010 | @dCNY2.30 | |
| 091 | @a2001.262 | |
| 100 | @a19951006d1985 emky0chiy0121 ea | |
| 101 | 0 | @achi |
| 102 | @aCN@b110000 | |
| 105 | @ay z 000yy | |
| 106 | @ar | |
| 200 | 10 | @a现代外国哲学@Axian dai wai guo zhe xue@h第六辑@f中国现代外国哲学学会主编 |
| 210 | @a北京@c人民出版社@d1985 | |
| 215 | @a360页@d19cm | |
| 606 | @a哲学@y外国@x丛刊 | |
| 606 | 0 | @a哲学@x世界@x现代 |
| 690 | @aB15@v3 | |
| 711 | 02 | @a中国现代外国哲学学会@Azhong guo xian dai wai guo zhe xue xue hui@4主编 |
| 801 | 0 | @aCN@b深圳图书馆@c20040508 |
| 801 | 2 | @aCN@bNLC@c20040508 |
| 905 | @f1@b137134@dB15@e12:6 | |
| 现代外国哲学.第六辑/中国现代外国哲学学会主编.-北京:人民出版社,1985 |
| 360页;19cm |
| ISBN :CNY2.30 |
| ● |
| 相关链接 |
|
|
|
|
正题名:现代外国哲学
索取号:B15/12:6
 
预约/预借
| 序号 | 登录号 | 条形码 | 馆藏地/架位号 | 状态 | 备注 |
| 1 | 0137134 | 001124642 | 第一样本阅览室/ [索取号:B15/12:6] | 在馆 | |
| 2 | 0137135 | 001864049 | 密集书库/ [索取号:B15/12:6] | 在馆 | |
| 3 | 0137136 | 001768162 | 密集书库/ [索取号:B15/12:6] | 在馆 |